UNESCO World Heritage Site or not? - Statistics

General Stats
  • This quiz has been taken 81 times
  • The average score is 12 of 20
Answer Stats
Question Answer % Correct
Yellowstone National Park
True
96%
Kilimanjaro National Park
True
89%
Eiffel Tower
True
85%
Palm Jumeirah
False
81%
Sydney Opera House
True
78%
Timgad
True
78%
Vienna City Centre
True
78%
Cueva de las Manos
True
78%
Old Bridge of Mostar
True
74%
Mount Sinabung
False
70%
Shrines and Temples of Nikko
True
63%
Buckingham Palace
False
59%
Shkodra Castle
False
48%
Lofoten
False
48%
Niagara Falls
False
41%
Grand Mosque of Touba
False
37%
Brasilia
True
30%
Dargavs, The City of the Dead
False
26%
City of Varanasi
False
22%
Wat Phra Kaew
False
19%
No matching quizzes found
Score Distribution
Percent of People with Each Score
Percentile by Number Answered
Your Score History
You have not taken this quiz